| 000 | 00000nam##2200000za#4500 |
| 001 | 9.641867 |
| 003 | CaOODSP |
| 005 | 20210624223426 |
| 007 | cr ||||||||||| |
| 008 | 150407|1999||||xxc|||||o f|0| 0 fre|d |
| 040 | |aCaOODSP|bfre |
| 043 | |an-cn--- |
| 086 | 1 |aRH64-60/1999F-PDF |
| 110 | 1 |aCanada.|bDéveloppement des ressources humaines Canada. |bPolitique stratégique. |
| 245 | 10|aMilieux de travail novateurs - étude bilan : |h[ressource électronique]|brapport final / |c[par] Évaluation et développement des données. |
| 260 | |aOttawa - Ontario : |bDéveloppement des ressources humaines Canada. |cJuin 1999. |
| 300 | |a47p.|bfigures, références |
| 590 | |a13-12-Supp|b2013-05-10 |
| 691 | 07|aInnovation|2gcpds |
| 691 | 07|aMilieu de travail|2gcpds |
| 775 | 08|tInnovative workplaces - lessons learned : |w(CaOODSP)9.697861 |
| 856 | 40|ahttp://publications.gc.ca|qPDF|s894 Ko|uhttps://publications.gc.ca/collections/collection_2013/rhdcc-hrsdc/RH64-60-1999-fra.pdf |
| 986 | |aSP-AH055F-06-99 |